Strategic Direction of Financial Activities of EU States in Digital Business Models
komplexne Charakterizovanie možnosti digitálnej ekonomiky vo vybraných štátoch EÚ a zhodnotenie už predložených návrhov na riešenie spravodlivého a efektívneho zdaňovania príjmov všetkých spoločností, pôsobiacich v EÚ.
Uložené v:
| Hlavný autor: | |
|---|---|
| Ďalší autori: | |
| Médium: | Kapitola |
| Jazyk: | English |
| Predmet: | |
| Tagy: |
Žiadne tagy, Buďte prvý, kto otaguje tento záznam!
|
MARC
| LEADER | 00000naa a2200000 4500 | ||
|---|---|---|---|
| 001 | 0305537 | ||
| 005 | 20250529141313.6 | ||
| 041 | 0 | |a eng | |
| 044 | |a CH | ||
| 245 | 1 | 0 | |a Strategic Direction of Financial Activities of EU States in Digital Business Models |c Katarína Vavrová, Alexander Šarlina |
| 520 | |a komplexne Charakterizovanie možnosti digitálnej ekonomiky vo vybraných štátoch EÚ a zhodnotenie už predložených návrhov na riešenie spravodlivého a efektívneho zdaňovania príjmov všetkých spoločností, pôsobiacich v EÚ. | ||
| 610 | 2 | 0 | |a digitalizácia |
| 610 | 2 | 0 | |a zdaňovanie |
| 610 | 2 | 0 | |a financovanie |
| 610 | 2 | 0 | |a ekonomika digitálna |
| 610 | 2 | 0 | |a regulácia |
| 610 | 2 | 0 | |a regulácia finančná |
| 610 | 2 | 0 | |a modely obchodné |
| 610 | 2 | 0 | |a zisk |
| 100 | 1 | |a Vavrová, Katarína, 1960- | |
| 700 | 1 | |a Šarlina, Alexander, 1995- | |